000 00791nam a2200241 i 4500
001 103622
003 ES-MaACL
005 20230906183418.0
007 t|
008 060425s1971 pr ||||1| spa d
080 _a821.134.2(729.5)-14"19"
100 1 _aDávila, Virgilio.
_942940
245 1 0 _aPatria /
_cVirgilio Dávila ; prólogo de M. González García ; nota crítica Cesáreo Rosa-Nieves.
250 _a3ª ed.
260 _aSan Juan, Puerto Rico :
_bCordillera,
_c1971.
300 _a145 p. ;
_c18 cm.
490 1 _aLos grandes escritores de Puerto Rico
700 1 _aGonzález García M.
_9184793
700 1 _aRosa-Nieves, Cesáreo.
_999617
830 0 _aLos grandes escritores de Puerto Rico
_9184786
852 _aES-MaACL
_jC-56852
_bR.137470
999 _c103622
_d103622